Dni tygodnia po niemiecku - Statystyki

Ogólne statystyki
  • Ten quiz został rozwiązany 5 296 razy
  • Średni wynik to 5 z 7
Statystyki odpowiedzi
Polski Niemiecki % Poprawnych
Poniedziałek Montag
98%
Piątek Freitag
79%
Środa Mittwoch
78%
Czwartek Donnerstag
76%
Wtorek Dienstag
75%
Niedziela Sonntag
68%
Sobota Samstag
67%
Nie znaleziono quizów pasujących do podanych kryteriów
Rozkład punktacji
Procent ludzi z każdym wynikiem
Percentyl według liczby udzielonych odpowiedzi
Twoja historia wyników
Nie rozwiązałeś tego quizu